01760nam a2200325 a 450000100100000000500170001000800410002704000250006808200200009310000300011324501570014326000340030030000210033449000290035549000090038465000400039365000430043370000310047670000390050770000440054671000850059083000360067583000160071195201320072795201980085995201190105795201180117695201230129499900170141700001596020250502073819.0100222s1985 dr r 001 0 spa d aDO-SdBNPbspacBNPHU a372. 832bM839l1 aMorel, Apolinar A.93585810aLecciones de instrucción moral y cívica /cApolinar A. Morel, Andrés B. Perozo ; editor Raymundo Amaro Guzmán ; prólogo Jaime Viñas Román. aSanto Domingo :bONAP,c1985. a103 p. ;c20 cm.1 aEstudios juridícosv341 aONAP 4aEducacion moralxEnseñanza935859 4aEducación cívicaxEnsenanza9358601 aPerozo, Andrés B.9358611 aAmaro Guzmán, Raymundoeed.96561 aViñas Román, Jaime,epról.9358621 aRepública Dominicana.bOficina Nacional de Administración y Personal 926398 0aEstudios juridícosn34935864 aONAP910860 001054708DSaGRbGRcHDd2010-02-22iLF1l0o372. 832 M839lp15960-30r2020-06-25te.3w2020-06-25yLFDSZPréstamo en sala 001054708DSaGRbGRcHDd2019-07-03iLF1l0o372. 832 M839lp15960-40r2020-06-25te.4w2020-06-25yLFDSzPerteneció a la biblioteca personal de la familia Reyes Duluc.ZPréstamo en sala 00107-18PDaGRbGRcOId2019-08-05iLF1l0o372. 832 M839lp15960-50r2020-06-25w2020-06-25yLFPDZNo se presta 0010718PDaPDbPDcHDd2010-02-22iLF1l0o372. 832 M839lp15960-10r2020-06-25w2020-06-25yLFPDZNo se presta 0010718PDaPDbPDcHDd2010-02-22iLF1l0o372. 832 M839lp15960-20r2020-06-25te.2w2020-06-25yLFPDZNo se presta c15502d15502